000 004320000a22001810004500
003 MACL
005 20150711152357.0
008 150711b xxu||||| |||| 00| 0 eng d
040 _aMACL
_cMACL
041 _aEnglish
082 _a320/PAT
100 _aPatnaik, Utsa
_91791
245 _aChains Of Servitude
260 _bSangam Books
_c1985
_aNew Delhi
350 _a150
650 _aPolitical Science
_988
942 _cBK
_k320
_2ddc
999 _c6105
_d6105